[Event "COL Intercollegiate-ch blitz U18 Girls"]
[Site "Paipa"]
[Date "2019.12.15"]
[Round "11"]
[White "Macias Chavarro, Manuela"]
[Black "Quinchia Ospitia, Karen Yulieth"]
[Result "1-0"]
[WhiteElo "1673"]
[BlackElo "1488"]
[PlyCount "31"]
[EventDate "2019.12.15"]
[EventType "swiss (blitz)"]
[EventRounds "12"]
[EventCountry "COL"]
[SourceTitle "CBM 193 Extra"]
[Source "ChessBase"]
[SourceDate "2020.01.31"]
[SourceVersion "1"]
[SourceVersionDate "2020.01.31"]
[SourceQuality "1"]

1. e4 e5 2. Nf3 Nc6 3. Bb5 Nge7 4. 0-0 a6 5. Ba4 b5 6. Bb3 Ng8 7. c3 Nf6 8. d4 exd4 9. cxd4 Nxe4 10. Re1 Qe7 11. Bd5 f5 12. Bg5 Qd6 13. Bxe4 Be7 14. Bxc6 Qxc6 15. Rxe7+ Kd8 16. Re6# 1-0

[Event "COL Intercollegiate-ch blitz U18 Girls"]
[Site "Paipa"]
[Date "2019.12.15"]
[Round "4"]
[White "Manjarres Baena, Andrea Carolina"]
[Black "Quinchia Ospitia, Karen Yulieth"]
[Result "1-0"]
[WhiteElo "1215"]
[BlackElo "1488"]
[PlyCount "137"]
[EventDate "2019.12.15"]
[EventType "swiss (blitz)"]
[EventRounds "12"]
[EventCountry "COL"]
[SourceTitle "CBM 193 Extra"]
[Source "ChessBase"]
[SourceDate "2020.01.31"]
[SourceVersion "1"]
[SourceVersionDate "2020.01.31"]
[SourceQuality "1"]

1. e4 c5 2. Nf3 d6 3. Nc3 a6 4. d4 cxd4 5. Nxd4 e5 6. Nf3 Nc6 7. Bc4 b5 8. Bd5 Bb7 9. Ng5 Nf6 10. Nxf7 Qe7 11. Nxh8 0-0-0 12. Bxc6 Bxc6 13. Bg5 b4 14. Nd5 Qb7 15. c4 Be7 16. Bxf6 Bxf6 17. Qg4+ Kb8 18. Rd1 Rxh8 19. Qe6 Bxd5 20. Qxd6+ Ka8 21. Qxd5 Qxd5 22. exd5 Rd8 23. 0-0 e4 24. Rfe1 Re8 25. d6 Kb7 26. d7 Rd8 27. Rxe4 Kc7 28. Re8 Rxd7 29. Rxd7+ Kxd7 30. Ra8 Kc7 31. Rxa6 Kb7 32. Rd6 Kc7 33. c5 Kb7 34. c6+ Kc7 35. Re6 Bxb2 36. Kf1 Bd4 37. Ke2 Bf6 38. Kd3 Bb2 39. Kc4 Bf6 40. Kb5 Bd8 41. Re8 g6 42. Rg8 Be7 43. Rg7 Kc8 44. Rxe7 Kd8 45. Rd7+ Kc8 46. Kb6 Kb8 47. Rb7+ Kc8 48. c7 Kd7 49. Rb8 Ke7 50. c8Q Kf6 51. Qc6+ Kg7 52. Rb7+ Kh6 53. Qf3 g5 54. Qh3+ Kg6 55. Qe6+ Kh5 56. Qh3+ Kg6 57. Qxh7+ Kf6 58. Qh6+ Kf5 59. Rf7+ Ke4 60. Qe6+ Kd4 61. Rd7+ Kc3 62. Qc6+ Kb2 63. Rd2+ Ka3 64. Kb7 b3 65. Qa6+ Kb4 66. Rd4+ Kc3 67. Qc4+ Kb2 68. Qxb3+ Kc1 69. Rd1# 1-0

[Event "COL Intercollegiate-ch blitz U18 Girls"]
[Site "Paipa"]
[Date "2019.12.15"]
[Round "6"]
[White "Negrete Genes, Lily Johana"]
[Black "Quinchia Ospitia, Karen Yulieth"]
[Result "1-0"]
[WhiteElo "1240"]
[BlackElo "1488"]
[PlyCount "85"]
[EventDate "2019.12.15"]
[EventType "swiss (blitz)"]
[EventRounds "12"]
[EventCountry "COL"]
[SourceTitle "CBM 193 Extra"]
[Source "ChessBase"]
[SourceDate "2020.01.31"]
[SourceVersion "1"]
[SourceVersionDate "2020.01.31"]
[SourceQuality "1"]

1. e4 e5 2. Nf3 Nc6 3. Bc4 Bc5 4. a3 a6 5. Ba2 Nf6 6. Nc3 d6 7. d3 h6 8. 0-0 0-0 9. Re1 Ng4 10. Be3 Bxe3 11. fxe3 Nf6 12. Rf1 Ne7 13. Qd2 Ng6 14. Qe1 Bg4 15. Rd1 b5 16. d4 exd4 17. exd4 d5 18. e5 Re8 19. Qg3 Bxf3 20. Qxf3 Re6 21. exf6 Rxf6 22. Qxd5 Rxf1+ 23. Rxf1 Qxd5 24. Bxd5 Rf8 25. a4 bxa4 26. Nxa4 Kh7 27. Be4 Rd8 28. c3 Re8 29. Bd3 Kh8 30. Rxf7 Re1+ 31. Kf2 Re7 32. Bxg6 Re8 33. Rxc7 Rf8+ 34. Rf7 Re8 35. Nc5 Rb8 36. b4 Rd8 37. Ne6 Re8 38. Rf8+ Rxf8+ 39. Nxf8 Kg8 40. Ne6 a5 41. bxa5 h5 42. a6 h4 43. a7 1-0

[Event "COL Intercollegiate-ch rapid U18 Girls"]
[Site "Paipa"]
[Date "2019.12.14"]
[Round "6"]
[White "Quinchia Ospitia, Karen Yulieth"]
[Black "Carranza Pineda, Laura Vanessa1111"]
[Result "0-1"]
[WhiteElo "1488"]
[BlackElo "1258"]
[PlyCount "72"]
[EventDate "2019.12.14"]
[EventType "swiss (rapid)"]
[EventRounds "6"]
[EventCountry "COL"]
[SourceTitle "CBM 193 Extra"]
[Source "ChessBase"]
[SourceDate "2020.01.31"]
[SourceVersion "1"]
[SourceVersionDate "2020.01.31"]
[SourceQuality "1"]

1. e4 e5 2. Nf3 Nc6 3. Nc3 Bc5 4. a3 Nf6 5. Bc4 0-0 6. b4 Bb6 7. d3 a6 8. 0-0 d6 9. Bg5 h6 10. Nd5 Ba7 11. Bh4 Bg4 12. c3 g5 13. Nxf6+ Qxf6 14. Bg3 h5 15. h3 Bd7 16. h4 Bg4 17. hxg5 Qg6 18. b5 Nd8 19. Re1 Kg7 20. d4 f6 21. gxf6+ Qxf6 22. dxe5 dxe5 23. Bxe5 Bxf3 24. Bxf6+ Rxf6 25. Qd7+ Nf7 26. e5 Rg6 27. Qxf7+ Kh6 28. Qxf3 Bc5 29. Rad1 Rf8 30. Qxb7 Bxf2+ 31. Kh1 Rf4 32. Rd3 Bxe1 33. e6 Rf1+ 34. Kh2 h4 35. Rh3 Bg3+ 36. Rxg3 hxg3+ 0-1

[Event "COL Intercollegiate-ch rapid U18 Girls"]
[Site "Paipa"]
[Date "2019.12.14"]
[Round "1"]
[White "Quinchia Ospitia, Karen Yulieth"]
[Black "Hernandez Bermudez, Manuela"]
[Result "0-1"]
[WhiteElo "1488"]
[BlackElo "1543"]
[PlyCount "50"]
[EventDate "2019.12.14"]
[EventType "swiss (rapid)"]
[EventRounds "6"]
[EventCountry "COL"]
[SourceTitle "CBM 193 Extra"]
[Source "ChessBase"]
[SourceDate "2020.01.31"]
[SourceVersion "1"]
[SourceVersionDate "2020.01.31"]
[SourceQuality "1"]

1. e4 e5 2. Nf3 Nc6 3. Bc4 Bc5 4. Nc3 Nf6 5. d3 h6 6. h3 0-0 7. 0-0 d6 8. a3 a6 9. b4 Ba7 10. Re1 b5 11. Ba2 Nd4 12. Nxd4 Bxd4 13. Qd2 Be6 14. Bxe6 fxe6 15. Bb2 Nh7 16. Rf1 Qh4 17. Nd1 Bb6 18. c4 Rf6 19. Rc1 Ng5 20. Rc2 Nf3+ 21. Kh1 Nxd2 22. Rxd2 Raf8 23. f3 Rxf3 24. gxf3 Qxh3+ 25. Rh2 Qxf1# 0-1

[Event "COL-ch Superate Intercol U14 Girls"]
[Site "Barranquilla"]
[Date "2018.11.19"]
[Round "2.4"]
[White "Quinchia Ospitia, Karen Yulieth"]
[Black "Largo Chaparro, Sofia Alejandra"]
[Result "0-1"]
[WhiteElo "1507"]
[BlackElo "1476"]
[PlyCount "96"]
[EventDate "2018.11.19"]
[EventType "swiss"]
[EventRounds "7"]
[EventCountry "COL"]
[SourceTitle "EXT 2024"]
[Source "ChessBase"]
[SourceDate "2023.10.10"]
[SourceVersion "1"]
[SourceVersionDate "2023.10.10"]
[SourceQuality "1"]

1. e4 e6 2. d4 d5 3. e5 c5 4. Nf3 Nc6 5. Bb5 Qb6 6. Nc3 cxd4 7. Nxd4 Bd7 8. Be3 Bc5 9. 0-0 Nxd4 10. Bxd7+ Kxd7 11. Na4 Qc6 12. Nxc5+ Qxc5 13. Bxd4 Qc6 14. Qf3 Ke8 15. Qg3 Kf8 16. Be3 Ne7 17. Bg5 Nf5 18. Qa3+ Kg8 19. c3 h6 20. Bf4 Qa6 21. Qb3 g5 22. Bd2 Kg7 23. Rac1 Rac8 24. h3 Rc7 25. a3 Qc4 26. Qc2 Qb5 27. a4 Qa6 28. Qb3 Qc4 29. Qc2 d4 30. b3 d3 31. Qb1 Qd5 32. Rfe1 Nh4 33. f3 Nf5 34. c4 Qd4+ 35. Re3 Nxe3 36. Bxe3 Qxe3+ 37. Kh1 d2 38. Rd1 Rd7 39. Qa1 Qd4 40. Qb1 Qxe5 41. Qa2 Qe1+ 42. Rxe1 dxe1Q+ 43. Kh2 Qe5+ 44. g3 Rhd8 45. h4 Rd2+ 46. Qxd2 Rxd2+ 47. Kh3 Qf5+ 48. g4 Qxf3# 0-1